logo

Bir Sreshtho Munshi Abdur Rouf Library
Jhenaidah Cadet College

The Mughal Aviary : (Record no. 13726)

MARC details
000 -LEADER
fixed length control field 00616nam a2200217 a 4500
001 - CONTROL NUMBER
JCCL Control Number 13726
003 - CONTROL NUMBER IDENTIFIER
JCCL marc code BD-JhCC
005 - DATE AND TIME OF LATEST TRANSACTION
control field 20240319141216.0
008 - FIXED-LENGTH DATA ELEMENTS--GENERAL INFORMATION
fixed length control field 240319b2022 bg |||| ||a| 001 0 eng d
020 ## - INTERNATIONAL STANDARD BOOK NUMBER
International Standard Book Number 9789845063913
035 ## - SYSTEM CONTROL NUMBER
system control number (BD-JhCC)13726
040 ## - CATALOGING SOURCE
Original cataloging agency BD-JhCC
Modifying agency BD-JhCC
041 ## - LANGUAGE CODE
Language code of Book english
082 ## - DEWEY DECIMAL CLASSIFICATION NUMBER
Classification number 709.04
Author mark and Year HUQ 2022
100 ## - MAIN ENTRY--PERSONAL NAME
Personal name Huq, Sabiha
245 ## - TITLE STATEMENT
Title The Mughal Aviary :
Remainder of title Women's writings in pre-modern india /
Statement of responsibility, etc Sabiha Huq.
260 ## - PUBLICATION, DISTRIBUTION, ETC. (IMPRINT)
Place of publication, distribution, etc Dhaka:
Name of publisher, distributor, etc The University Press Limited;
Date of publication, distribution, etc 2022.
300 ## - PHYSICAL DESCRIPTION
Pagination xxviii, 217 p. :
Dimensions 22 cm.
650 ## - SUBJECT ADDED ENTRY--TOPICAL TERM
Topical term or geographic name as entry element History
Geographic subdivision Arts & Literature
942 ## - ADDED ENTRY ELEMENTS (KOHA)
Source of classification or shelving scheme Dewey Decimal Classification
Koha item type Books
Holdings
Source of classification or shelving scheme Damaged status Not for loan Home library Current library Shelving location Date of accession Cost, normal purchase price Total Checkouts Full call number Barcode Date last seen Date checked out Copy number Method of acquisition Koha item type Currency
Dewey Decimal Classification     JCC Rouf Library JCC Rouf Library General Stacks   860.00 1 709.04 HUQ 2022 19061 05/07/2024 05/02/2024 C-1 Purchase Books BDT
Dewey Decimal Classification     JCC Rouf Library JCC Rouf Library General Stacks   860.00   709.04 HUQ 2022 19062 03/19/2024   C-2 Purchase Books BDT

JCC Library | Contacts | JCC Home

Last Update on 23 September 2017
Copyright @ 2017-2020 JCC Rouf Library
Rouf Library, Jhenidah Cadet College (JCC), Bangladesh